Ten Biggest and Ten Smallest Countries of Africa by Population - Statistics

General Stats
  • This quiz has been taken 71 times
  • The average score is 18 of 20
Answer Stats
# Country Population % Correct
1 Nigeria 221.153.992
100%
3 Egypt 111.847.400
99%
7 Kenya 54.555.095
97%
6 South Africa 60.140.971
97%
2 Ethiopia 124.937.259
96%
4 Democratic Republic of the Congo 100.606.566
94%
5 Djibouti 1.128.550
94%
6 Eswatini 1.205.887
94%
1 Seychelles 107.350
94%
10 Algeria 45.262.858
93%
3 Cape Verde 595.796
93%
10 Lesotho 2.317.338
93%
2 São Tomé and Príncipe 229.604
91%
7 Mauritius 1.299.804
90%
9 Sudan 47.486.909
90%
5 Tanzania 66.455.898
90%
4 Comoros 844.302
88%
8 Uganda 47.914.973
88%
8 Equatorial Guinea 1.694.609
80%
9 Guinea-Bissau 2.128.042
74%
No matching quizzes found
Score Distribution
Percent of People with Each Score
Percentile by Number Answered
Your Score History
You have not taken this quiz